Polscy sportowcy według dyscyplin - kliktest - Statystyki

Ogólne statystyki
  • Ten quiz został rozwiązany 70 razy
  • Średni wynik to 14 z 18
Statystyki odpowiedzi
Hint Odpowiedź % Poprawnych
Adam Małysz Skoki narciarskie
100%
Tomasz Adamek Boks
98%
Robert Kubica Formuła 1
98%
Paweł Zagumny Siatkówka
88%
Zbigniew Bródka Łyżwiarstwo szybkie
85%
Włodzimierz Lubański Piłka nożna
85%
Tomasz Gollob Żużel
83%
Karol Bielecki Piłka ręczna
82%
Tomasz Majewski Lekkoatletyka
75%
Mariusz Czerkawski Hokej
72%
Ryszard Szurkowski Kolarstwo
72%
Tomasz Sikora Biathlon
70%
Szymon Kołecki Podnoszenie ciężarów
68%
Wojciech Fibak Tenis
65%
Janusz Peciak Pięciobój nowoczesny
60%
Andrzej Grubba Tenis stołowy
60%
Adam Wójcik Koszykówka
55%
Józef Łuszczek Biegi narciarskie
43%
Nie znaleziono quizów pasujących do podanych kryteriów
Rozkład punktacji
Procent ludzi z każdym wynikiem
Percentyl według liczby udzielonych odpowiedzi
Twoja historia wyników
Nie rozwiązałeś tego quizu